| 000 | 00943nam a22002177a 4500 | ||
|---|---|---|---|
| 999 |
_c17030 _d17030 |
||
| 003 | AR-CdUCM | ||
| 008 | 190507b ||||| |||| 00| 0 spa d | ||
| 040 |
_aMUNICIPALIDAD PROVINCIAL DEL CUSCO _cBIBLIOTECA MUNICIPAL DEL CUSCO |
||
| 082 |
_a985.0013 / _bQ44 |
||
| 100 |
_aQuijano, Aníbal _93250 |
||
| 245 |
_aReencuentro y debate : _buna introducción a Mariátegui / |
||
| 260 |
_aLima : _bMosca Azul Editores, _c1981. |
||
| 300 |
_a117 páginas ; _c21.5 cm. |
||
| 440 |
_aCentro de Investigaciones Sociales. _936844 |
||
| 505 | _aContenido: El Perú de Mariátegui -- Historia local y coyuntura mundial -- La implantación y dominio del capital monopólico -- Capital monopólico y precapital -- Burguesía imperialista y burguesía interna -- La asociación de intereses dominantes en el estado ... | ||
| 650 |
_aHistoria _9136 |
||
| 650 |
_aPerú _935 |
||
| 650 |
_aBiografía _922 |
||
| 942 |
_2ddc _cLIBROS |
||
| 945 |
_aachl _d2019-05-07 |
||